[Event "NAYCC U12 w"]
[Site "Kingston CAN"]
[Date "2019.08.16"]
[Round "2.108"]
[White "Jeyakumar, Mathusha"]
[Black "Wen, Kally"]
[Result "0-1"]
[WhiteElo "855"]
[BlackElo "1339"]
[PlyCount "86"]
[EventDate "2019.08.16"]
[EventType "swiss"]
[EventRounds "9"]
[EventCountry "CAN"]

1. e4 e5 2. Nf3 Nc6 3. Bb5 a6 4. Ba4 Nf6 5. O-O b5 6. Bb3 Bc5 7. d3 h6 8. h3
O-O 9. Nc3 d6 10. Qe2 Na5 11. Be3 Nxb3 12. axb3 Bxe3 13. Qxe3 Bb7 14. Rfe1 c5
15. Nh4 b4 16. Ne2 Nxe4 17. dxe4 Qxh4 18. Ng3 Qf6 19. Red1 Rad8 20. Nf5 d5 21.
Ng3 d4 22. Qd3 Qf4 23. Ra5 Rc8 24. Qe2 Qf6 25. Nf5 Rfd8 26. f3 Qg5 27. Qf2 g6
28. h4 Qf6 29. Nxh6+ Kg7 30. Ng4 Qe6 31. Qg3 Re8 32. h5 f5 33. h6+ Kh7 34. exf5
gxf5 35. Nxe5 Qxe5 36. Qh4 Qe3+ 37. Kh2 Qxh6 38. Qxh6+ Kxh6 39. Rd2 Re1 40. Ra2
Kg5 41. Kg3 Rf1 42. Rd3 f4+ 43. Kh2 Rh8# 0-1

[Event "NAYCC U12 w"]
[Site "Kingston CAN"]
[Date "2019.08.16"]
[Round "2.109"]
[White "Zhang, Joyce"]
[Black "Geillon-Barral, Roween"]
[Result "1-0"]
[WhiteElo "1339"]
[BlackElo "874"]
[PlyCount "109"]
[EventDate "2019.08.16"]
[EventType "swiss"]
[EventRounds "9"]
[EventCountry "CAN"]

1. e4 e5 2. Nf3 Nc6 3. Bb5 Nf6 4. d3 Bc5 5. O-O d6 6. h3 O-O 7. Bg5 h6 8. Bh4
a6 9. Ba4 b5 10. Bb3 Re8 11. Nc3 Be6 12. Nd5 Qd7 13. Bxf6 Bxd5 14. exd5 Nd4 15.
Nxd4 Bxd4 16. c3 Bb6 17. Bh4 Qf5 18. Bc2 Qf4 19. Qg4 g5 20. Bg3 f5 21. Bxf4
fxg4 22. Be3 gxh3 23. gxh3 Rf8 24. Bxb6 cxb6 25. Rad1 Rf3 26. Kg2 Raf8 27. d4
exd4 28. Rxd4 R3f7 29. Re4 a5 30. Re6 Rd7 31. Rxh6 Re8 32. Re6 Rxe6 33. dxe6
Re7 34. Bf5 Kg7 35. Rd1 Kf6 36. Rd5 b4 37. cxb4 axb4 38. Bg4 Rc7 39. Rxd6 Ke7
40. Rxb6 Rc4 41. Rb7+ Ke8 42. Bh5+ Kd8 43. e7+ Kc8 44. e8=Q+ Kxb7 45. Qb5+ Kc7
46. Qxc4+ Kd6 47. Qxb4+ Ke5 48. a4 Kf5 49. a5 Kf6 50. a6 Kg7 51. a7 Kh6 52.
a8=Q Kxh5 53. Qe8+ Kh6 54. Qbf8+ Kh7 55. Qh5# 1-0

[Event "NAYCC U12 w"]
[Site "Kingston CAN"]
[Date "2019.08.16"]
[Round "2.110"]
[White "Li, Annie"]
[Black "Xie, Amy"]
[Result "1-0"]
[WhiteElo "1285"]
[BlackElo "625"]
[PlyCount "77"]
[EventDate "2019.08.16"]
[EventType "swiss"]
[EventRounds "9"]
[EventCountry "CAN"]

1. e4 e5 2. Nf3 Nc6 3. Bc4 Nf6 4. Ng5 Qe7 5. Nxf7 Rg8 6. Ng5 Qc5 7. Bxg8 Nxg8
8. O-O d5 9. Qh5+ g6 10. Qxh7 Qe7 11. Qxg6+ Kd8 12. Qxg8 Bh3 13. Nxh3 dxe4 14.
Qd5+ Qd7 15. Qxd7+ Kxd7 16. Nc3 Rd8 17. Nxe4 Kc8 18. d3 Nd4 19. c3 Nc2 20. Rb1
Rxd3 21. Bg5 Rd7 22. Rbd1 Nd4 23. cxd4 exd4 24. Rd3 Bb4 25. Rfd1 c5 26. a3 c4
27. Rxd4 Rxd4 28. Rxd4 b5 29. axb4 Kb7 30. Nf4 Kb6 31. h4 a5 32. bxa5+ Kxa5 33.
h5 Kb4 34. h6 Kb3 35. h7 Kxb2 36. h8=Q b4 37. Rxc4+ Kb3 38. Nd2+ Ka3 39. Qa1#
1-0

[Event "NAYCC U12 w"]
[Site "Kingston CAN"]
[Date "2019.08.17"]
[Round "3.98"]
[White "Ruchinskaya, Valerie"]
[Black "Hua, Michelle"]
[Result "1/2-1/2"]
[WhiteElo "1412"]
[BlackElo "1666"]
[PlyCount "135"]
[EventDate "2019.08.16"]
[EventType "swiss"]
[EventRounds "9"]
[EventCountry "CAN"]

1. d4 d5 2. c4 e6 3. Nc3 Nf6 4. cxd5 exd5 5. Bg5 Be7 6. e3 O-O 7. Bd3 h6 8. Bh4
Be6 9. Nge2 Nh5 10. Bxe7 Qxe7 11. O-O Nd7 12. f3 c6 13. Qc2 f5 14. Rad1 Qg5 15.
f4 Qe7 16. Rf3 g6 17. Ng3 Nxg3 18. Rxg3 Kh7 19. Qf2 Nf6 20. Be2 b6 21. Bf3 Bc8
22. Re1 Ba6 23. Rh3 Rae8 24. Qh4 Ng8 25. g4 Qxh4 26. Rxh4 Re6 27. Kf2 Rfe8 28.
g5 h5 29. b4 Bc4 30. a4 Ne7 31. b5 cxb5 32. Nxb5 Bxb5 33. axb5 Rc8 34. Be2 Rc3
35. Bf1 Nc8 36. Bg2 Ne7 37. Bf1 Rb3 38. Rh3 Rb2+ 39. Kg1 Rc2 40. Ra1 Rc7 41.
Rg3 Kg7 42. h4 Kf7 43. Ra3 Rd6 44. Rg2 Ke6 45. Rga2 Rdd7 46. Kf2 Nc8 47. Ke2
Nd6 48. Kd1 Ne4 49. Rc2 Rxc2 50. Kxc2 Rc7+ 51. Kb2 Nd2 52. Bd3 Nf3 53. Be2 Nd2
54. Rc3 Rxc3 55. Kxc3 Ne4+ 56. Kb4 Ng3 57. Bd3 Nh1 58. Bf1 Nf2 59. Kc3 Ng4 60.
Kd2 Nh2 61. Be2 Kd6 62. Kc3 Ng4 63. Kd2 Kd7 64. Bf3 Ke6 65. Ke2 Nh2 66. Bg2 Kd6
67. Kd2 Ke6 68. Ke2 1/2-1/2

[Event "NAYCC U12 w"]
[Site "Kingston CAN"]
[Date "2019.08.17"]
[Round "3.99"]
[White "Rajaram, Anika"]
[Black "Wang, Rachel"]
[Result "1/2-1/2"]
[WhiteElo "1560"]
[BlackElo "1344"]
[PlyCount "119"]
[EventDate "2019.08.16"]
[EventType "swiss"]
[EventRounds "9"]
[EventCountry "CAN"]

1. d4 d5 2. c4 dxc4 3. e4 e5 4. Nf3 exd4 5. Bxc4 Bb4+ 6. Bd2 Bxd2+ 7. Qxd2 c5
8. O-O Ne7 9. Qg5 Be6 10. Qxc5 Nbc6 11. Bxe6 fxe6 12. Qc4 Qd7 13. Ng5 Nd8 14.
Na3 Nec6 15. Rad1 h6 16. Nf3 e5 17. Qd5 Nf7 18. Nc4 Qe7 19. Na5 Nxa5 20. Qxa5
O-O 21. Rc1 b6 22. Qb5 Rac8 23. Qb3 Rc5 24. Rxc5 Qxc5 25. Nh4 Rc8 26. Nf5 Kf8
27. Qe6 Rc6 28. Qb3 Nd6 29. Nxd6 Rxd6 30. Qd3 Rc6 31. Qf3+ Kg8 32. Qb3+ Kh7 33.
Qf3 Qd6 34. Qd3 Qc7 35. h3 Rc1 36. f4 Rxf1+ 37. Kxf1 Qc1+ 38. Kf2 Qxf4+ 39. Ke2
Qc1 40. Qb3 Qc6 41. Qd3 b5 42. b3 b4 43. Qf3 Kg8 44. Qf5 Qc2+ 45. Kf3 Qd3+ 46.
Kf2 Qd2+ 47. Kf3 Qe3+ 48. Kg4 Qg5+ 49. Kf3 Qxf5+ 50. exf5 Kf7 51. Ke4 Kf6 52.
g4 g6 53. fxg6 Kxg6 54. h4 a5 55. Kd3 Kf6 56. Ke4 h5 57. g5+ Kg6 58. Kd3 Kf5
59. Kc4 Ke6 60. Kd3 1/2-1/2

[Event "NAYCC U12 w"]
[Site "Kingston CAN"]
[Date "2019.08.17"]
[Round "3.100"]
[White "Wang, Felicity"]
[Black "Wang, Lilian"]
[Result "0-1"]
[WhiteElo "1490"]
[BlackElo "1767"]
[PlyCount "136"]
[EventDate "2019.08.16"]
[EventType "swiss"]
[EventRounds "9"]
[EventCountry "CAN"]

1. e4 c5 2. Nf3 d6 3. Bb5+ Bd7 4. c4 a6 5. Bxd7+ Nxd7 6. d4 cxd4 7. Nxd4 Ngf6
8. Nc3 e6 9. O-O Be7 10. b3 O-O 11. Bb2 Nc5 12. Qe2 Rc8 13. Kh1 Qc7 14. Rad1
Rfd8 15. f4 Bf8 16. Qf3 Kh8 17. f5 Qe7 18. Rde1 Ncd7 19. Qh3 Re8 20. Nf3 Kg8
21. g4 g6 22. Rg1 Bg7 23. Nd1 Bf8 24. Nf2 e5 25. Bc1 b5 26. cxb5 axb5 27. g5
Nh5 28. Ng4 Ra8 29. a3 Nc5 30. Re3 Nd7 31. Rd1 Nb6 32. Rf1 Nd7 33. Rg1 Rec8 34.
Nh4 Nb6 35. f6 Qe6 36. Nf5 Nd7 37. Nfh6+ Bxh6 38. Nxh6+ Kf8 39. Qf3 Nc5 40. Rc3
Nd7 41. Rd1 Nc5 42. b4 Nd7 43. Rcd3 Rc6 44. Be3 Nb6 45. Bxb6 Rxb6 46. Rc3 Rbb8
47. Qd3 Rb6 48. Rdc1 Rb7 49. Rc6 Rd8 50. Rd1 Nf4 51. Rxd6 Rxd6 52. Qxd6+ Qxd6
53. Rxd6 Ke8 54. h4 Ra7 55. Rb6 Rxa3 56. Rxb5 Ra1+ 57. Kh2 Ra2+ 58. Kg3 Ra3+
59. Kf2 Ra2+ 60. Ke3 Re2+ 61. Kf3 Rd2 62. Rxe5+ Ne6 63. Ke3 Rh2 64. Kd3 Rxh4
65. b5 Rh1 66. Kc4 Rc1+ 67. Kd5 Kd7 68. Nxf7 Rc5# 0-1

[Event "NAYCC U12 w"]
[Site "Kingston CAN"]
[Date "2019.08.17"]
[Round "3.101"]
[White "Vidyarthi, Omya"]
[Black "Surya, Dania"]
[Result "1-0"]
[WhiteElo "1905"]
[BlackElo "1216"]
[PlyCount "103"]
[EventDate "2019.08.16"]
[EventType "swiss"]
[EventRounds "9"]
[EventCountry "CAN"]

1. d4 d5 2. c4 e6 3. Nc3 Nf6 4. cxd5 exd5 5. Bg5 Nbd7 6. e3 c6 7. Bd3 Be7 8.
Qc2 O-O 9. Nge2 Re8 10. O-O h6 11. Bf4 Nf8 12. h3 Bd6 13. Rab1 Ne6 14. Bxd6
Qxd6 15. b4 b5 16. Ng3 Bd7 17. Nf5 Qc7 18. Rfc1 Qd8 19. Nd6 Rf8 20. Ne2 Qb8 21.
Nf5 Re8 22. h4 Nd8 23. Nfg3 Nb7 24. a4 a6 25. Bf5 Nd8 26. Nf4 Bxf5 27. Nxf5 Qc7
28. axb5 axb5 29. Qc5 Qd7 30. Qc2 Ne4 31. g4 Nd6 32. Nxd6 Qxd6 33. Kg2 Qe7 34.
Kg3 Qd6 35. g5 h5 36. Qc5 Qxc5 37. Rxc5 g6 38. Nd3 Rc8 39. Rbc1 Re6 40. Rxd5
cxd5 41. Rxc8 Rd6 42. Rb8 Kf8 43. Ne5 Ke7 44. Rxd8 Rxd8 45. Nc6+ Kd7 46. Nxd8
Kxd8 47. Kf4 Kd7 48. Ke5 Ke7 49. Kxd5 f6 50. f4 fxg5 51. fxg5 Kf7 52. Kd6 1-0

[Event "NAYCC U12 w"]
[Site "Kingston CAN"]
[Date "2019.08.17"]
[Round "3.102"]
[White "Wen, Kally"]
[Black "Chen, Helen"]
[Result "1-0"]
[WhiteElo "1339"]
[BlackElo "1447"]
[PlyCount "93"]
[EventDate "2019.08.16"]
[EventType "swiss"]
[EventRounds "9"]
[EventCountry "CAN"]

1. d4 d5 2. c4 e6 3. Nc3 Nf6 4. cxd5 exd5 5. Bg5 Be7 6. Qc2 Nbd7 7. Nf3 h6 8.
Bh4 a6 9. e3 b5 10. Bd3 Bb7 11. O-O O-O 12. a3 c5 13. h3 c4 14. Be2 Ne4 15.
Bxe7 Qxe7 16. Nxe4 dxe4 17. Nh2 f5 18. b3 Rac8 19. bxc4 bxc4 20. Bxc4+ Kh8 21.
Qe2 a5 22. Ba6 Bxa6 23. Qxa6 Ra8 24. Qe2 Rfb8 25. Qa2 Nb6 26. Rfb1 Na4 27.
Rxb8+ Rxb8 28. Qc2 Qd7 29. Rc1 Qb5 30. Nf1 Qb2 31. Qxb2 Rxb2 32. Ng3 g6 33.
Rc8+ Kg7 34. Ra8 Ra2 35. Rxa5 Rxa3 36. Ra6 Ra1+ 37. Kh2 Ra2 38. h4 Nc3 39. Rxa2
Nxa2 40. Ne2 Kf6 41. Kg1 g5 42. hxg5+ hxg5 43. Kf1 Ke6 44. Ke1 Kd5 45. Kd2 Kc4
46. Ng3 f4 47. Nxe4 1-0

[Event "NAYCC U12 w"]
[Site "Kingston CAN"]
[Date "2019.08.17"]
[Round "3.103"]
[White "Zhou, Celina"]
[Black "Zhang, Joyce"]
[Result "1/2-1/2"]
[WhiteElo "1446"]
[BlackElo "1339"]
[PlyCount "126"]
[EventDate "2019.08.16"]
[EventType "swiss"]
[EventRounds "9"]
[EventCountry "CAN"]

1. d4 d5 2. c4 c6 3. Nc3 Nf6 4. Nf3 e6 5. e3 Nbd7 6. Be2 a6 7. O-O Bd6 8. Qc2
O-O 9. Rd1 b6 10. b3 Bb7 11. Bb2 Qc7 12. Rac1 Rac8 13. Qb1 Qb8 14. h3 c5 15.
cxd5 exd5 16. dxc5 bxc5 17. Ne1 Rfd8 18. Bf3 Nb6 19. a4 Be7 20. a5 Na8 21. Ne2
d4 22. Bxb7 Qxb7 23. exd4 Qxb3 24. dxc5 Rxd1 25. Rxd1 Bxc5 26. Bxf6 Qxb1 27.
Rxb1 gxf6 28. Rc1 Rc7 29. Rb1 Re7 30. Kf1 Nc7 31. Nd3 Ba7 32. Nb4 Re6 33. Rc1
Nb5 34. Nc6 Rd6 35. Ne7+ Kf8 36. Nf5 Rd8 37. g4 Nd6 38. Nxd6 Rxd6 39. Rc7 Bd4
40. Nxd4 Rxd4 41. Rc6 Ke7 42. Rxa6 Rd3 43. Kg2 Ra3 44. Ra7+ Kf8 45. a6 Kg7 46.
Ra8 h6 47. f3 Ra2+ 48. Kg3 Ra4 49. f4 Ra3+ 50. Kh4 Ra4 51. f5 Ra3 52. a7 Kh7
53. Rb8 Rxa7 54. Rb6 Kg7 55. Kh5 Ra3 56. h4 Ra5 57. Rb4 Re5 58. Rf4 Rd5 59. g5
hxg5 60. hxg5 fxg5 61. Kxg5 f6+ 62. Kg4 Rd1 63. Rf3 Rd4+ 1/2-1/2

[Event "NAYCC U12 w"]
[Site "Kingston CAN"]
[Date "2019.08.17"]
[Round "3.104"]
[White "Gomez Camara, Sofia"]
[Black "Morden, Simone"]
[Result "1/2-1/2"]
[WhiteElo "1243"]
[BlackElo "1415"]
[PlyCount "78"]
[EventDate "2019.08.16"]
[EventType "swiss"]
[EventRounds "9"]
[EventCountry "CAN"]

1. e4 e5 2. d4 exd4 3. Nf3 Nc6 4. Bc4 Nf6 5. e5 Ne4 6. O-O d5 7. Bb5 Bd7 8.
Bxc6 Bxc6 9. Nxd4 Be7 10. Nxc6 bxc6 11. Be3 Nc5 12. Nc3 O-O 13. Qg4 Kh8 14.
Rad1 f6 15. Bd4 fxe5 16. Bxe5 Bf6 17. Qg3 Bxe5 18. Qxe5 Re8 19. Qg3 Qe7 20. h3
Rad8 21. Rfe1 Qf7 22. Rxe8+ Rxe8 23. Kf1 h6 24. Re1 Rxe1+ 25. Kxe1 Qf5 26. Kd1
d4 27. Ne2 Ne4 28. Qf4 Qd5 29. f3 Nd6 30. Qxd4 Qxa2 31. b3 Qa6 32. Qd3 Qa1+ 33.
Kd2 Qf6 34. g3 Kg8 35. Qc3 Qg5+ 36. Qe3 Qa5+ 37. Qc3 Qd5+ 38. Qd3 Qa5+ 39. Qc3
Qd5+ 1/2-1/2

[Event "NAYCC U12 w"]
[Site "Kingston CAN"]
[Date "2019.08.17"]
[Round "3.105"]
[White "Chen, Angela"]
[Black "Li, Annie"]
[Result "1-0"]
[WhiteElo "1341"]
[BlackElo "1285"]
[PlyCount "95"]
[EventDate "2019.08.16"]
[EventType "swiss"]
[EventRounds "9"]
[EventCountry "CAN"]

1. e4 e5 2. Nf3 Nc6 3. Bc4 Nf6 4. d3 h6 5. O-O Bc5 6. Be3 Bb6 7. Nc3 d6 8. h3
O-O 9. Re1 Be6 10. Bb3 Re8 11. Ne2 d5 12. exd5 Bxd5 13. Ng3 Bxb3 14. axb3 e4
15. Nxe4 Nxe4 16. Bxb6 cxb6 17. Rxe4 Rxe4 18. dxe4 a5 19. Qe2 Qf6 20. c3 Qe6
21. Nd2 Re8 22. Qb5 Ne5 23. b4 Rd8 24. Nf1 axb4 25. Qxb4 Nd3 26. Qb5 Qxe4 27.
Qxb6 Re8 28. b4 Nf4 29. Ne3 Ne2+ 30. Kf1 Nxc3 31. Qc5 Qd3+ 32. Kg1 Ne2+ 33. Kh2
Qg6 34. Qb5 Rxe3 35. fxe3 Qd6+ 36. Kh1 Ng3+ 37. Kg1 Qf6 38. Re1 Ne4 39. Qe8+
Kh7 40. Qxe4+ g6 41. Qxb7 Kg7 42. Qd7 Kh7 43. b5 Qg7 44. b6 h5 45. b7 Qe5 46.
Qxf7+ Kh6 47. Qf4+ Qxf4 48. exf4 1-0

[Event "NAYCC U12 w"]
[Site "Kingston CAN"]
[Date "2019.08.17"]
[Round "3.106"]
[White "Tec, Isavelina"]
[Black "Zhong, April Yunwei"]
[Result "0-1"]
[WhiteElo "1163"]
[BlackElo "1340"]
[PlyCount "194"]
[EventDate "2019.08.16"]
[EventType "swiss"]
[EventRounds "9"]
[EventCountry "CAN"]

1. e4 c5 2. d4 cxd4 3. c3 Nf6 4. e5 Nd5 5. Qxd4 Nb6 6. Nf3 Nc6 7. Qe4 d6 8. Bb5
d5 9. Qe2 a6 10. Bd3 g6 11. O-O Bg7 12. Bf4 O-O 13. Qe3 Nc4 14. Bxc4 dxc4 15.
Bh6 b5 16. Bxg7 Kxg7 17. Nbd2 Qd7 18. Ne4 Qf5 19. Ng3 Qe6 20. Rfe1 h6 21. Ne4
Nxe5 22. Nc5 Nxf3+ 23. Qxf3 Qb6 24. Qxa8 Qxc5 25. Qe4 Be6 26. Qe5+ Qxe5 27.
Rxe5 Rd8 28. Rae1 Rd2 29. R5e2 Rd6 30. f3 Rd3 31. Re3 Rd2 32. R1e2 Rd6 33. Kf2
Rd1 34. Re4 Rd7 35. Rd4 Bd5 36. Red2 e6 37. b3 cxb3 38. axb3 Rc7 39. c4 bxc4
40. Rc2 c3 41. Rb4 e5 42. Ke3 Be6 43. Ke2 Bf5 44. Rc1 c2 45. g4 Bd7 46. Kd2 Bb5
47. f4 Re7 48. Rxc2 e4 49. Ke3 Bd3 50. Rc6 Rd7 51. Rd4 Rb7 52. b4 Ra7 53. Rd5
Rb7 54. Rd4 Ra7 55. f5 gxf5 56. gxf5 a5 57. bxa5 Rxa5 58. Kf4 Ra1 59. Rxe4 Bxe4
60. Kxe4 Ra2 61. h3 Ra3 62. f6+ Kg6 63. h4 Ra4+ 64. Ke5 Rxh4 65. Rc8 Rh5+ 66.
Kf4 Kxf6 67. Kg4 Rg5+ 68. Kh4 Kg7 69. Rc7 Ra5 70. Re7 Ra8 71. Kh5 Kf6 72. Re2
Kg7 73. Rf2 Ra5+ 74. Kh4 Kg6 75. Rf4 f6 76. Kg4 h5+ 77. Kh4 f5 78. Rb4 Ra6 79.
Rd4 Re6 80. Kg3 Kg5 81. Rf4 Re3+ 82. Rf3 Rxf3+ 83. Kxf3 h4 84. Kf2 Kf4 85. Kg2
Ke3 86. Kf1 Kf3 87. Kg1 Ke2 88. Kg2 f4 89. Kg1 f3 90. Kh1 f2 91. Kh2 h3 92.
Kxh3 f1=Q+ 93. Kh2 Qf3 94. Kg1 Qg3+ 95. Kh1 Qg4 96. Kh2 Kf2 97. Kh1 Qg2# 0-1

[Event "NAYCC U12 w"]
[Site "Kingston CAN"]
[Date "2019.08.17"]
[Round "3.107"]
[White "Huang, Lulu"]
[Black "Yang, Adelynne"]
[Result "1-0"]
[WhiteElo "1285"]
[BlackElo "1133"]
[PlyCount "141"]
[EventDate "2019.08.16"]
[EventType "swiss"]
[EventRounds "9"]
[EventCountry "CAN"]

1. e4 c5 2. Nf3 e6 3. Nc3 Be7 4. b3 d5 5. Bb5+ Bd7 6. Bxd7+ Qxd7 7. Bb2 d4 8.
Ne2 Nf6 9. Ng3 Nc6 10. h3 Bd6 11. Qe2 Qc7 12. Nf1 a6 13. a4 Nh5 14. g3 Nf6 15.
d3 O-O 16. N1d2 Be7 17. O-O b5 18. c3 e5 19. c4 b4 20. Nh4 g6 21. Ng2 Qd7 22.
Kh2 Nd8 23. Nf3 Bd6 24. Bc1 Ne6 25. Bg5 Nxg5 26. Nxg5 h6 27. Nf3 Rfe8 28. Qd2
Bf8 29. Ng1 Bg7 30. f4 Re7 31. fxe5 Rxe5 32. Nf3 Re7 33. Nf4 Rae8 34. Rae1 h5
35. Nd5 Nxd5 36. exd5 Rxe1 37. Rxe1 Rxe1 38. Qxe1 Qf5 39. Qe2 Bh6 40. Nh4 Qg5
41. Nf3 Qc1 42. d6 Bg5 43. h4 Bf6 44. d7 Qh6 45. Qd2 Qe3 46. Qxe3 dxe3 47. Kg2
Kf8 48. d8=Q+ Bxd8 49. d4 cxd4 50. Nxd4 Bb6 51. Nc2 a5 52. Kf3 Ke7 53. Nxe3
Bxe3 54. Kxe3 Ke6 55. Ke4 Kf6 56. Kd5 Kf5 57. c5 Kf6 58. Kd6 g5 59. hxg5+ Kxg5
60. c6 h4 61. gxh4+ Kxh4 62. c7 f5 63. c8=Q f4 64. Qg8 f3 65. Ke5 f2 66. Qg2
f1=Q 67. Qxf1 Kg4 68. Qf4+ Kh5 69. Qg3 Kh6 70. Kf6 Kh7 71. Qg7# 1-0

[Event "NAYCC U12 w"]
[Site "Kingston CAN"]
[Date "2019.08.17"]
[Round "3.108"]
[White "Geillon-Barral, Roween"]
[Black "Jin, Christina"]
[Result "0-1"]
[WhiteElo "874"]
[BlackElo "1503"]
[PlyCount "44"]
[EventDate "2019.08.16"]
[EventType "swiss"]
[EventRounds "9"]
[EventCountry "CAN"]

1. e4 c5 2. Nc3 d6 3. Bb5+ Bd7 4. Nf3 Nf6 5. d3 g6 6. O-O Bg7 7. Be3 O-O 8.
Bxd7 Nbxd7 9. Nd5 Nxd5 10. exd5 Bxb2 11. Bh6 Bxa1 12. Bxf8 Qxf8 13. Qxa1 Qg7
14. Qb1 Nb6 15. Re1 Qf6 16. Qc1 Nxd5 17. Qh6 Qg7 18. Qg5 e6 19. c4 Nb4 20. Rb1
Nxd3 21. Rxb7 Qa1+ 22. Ne1 Qxe1# 0-1

[Event "NAYCC U12 w"]
[Site "Kingston CAN"]
[Date "2019.08.17"]
[Round "3.109"]
[White "Liao, Jody"]
[Black "Jeyakumar, Mathusha"]
[Result "1/2-1/2"]
[WhiteElo "991"]
[BlackElo "855"]
[PlyCount "84"]
[EventDate "2019.08.16"]
[EventType "swiss"]
[EventRounds "9"]
[EventCountry "CAN"]

1. e4 e5 2. Nf3 Nc6 3. Bc4 Bc5 4. c3 Nf6 5. d4 exd4 6. cxd4 Bb4+ 7. Nc3 Nxe4 8.
O-O Nxc3 9. bxc3 Bxc3 10. Qb3 d5 11. Bxd5 Nxd4 12. Bxf7+ Kd7 13. Qxc3 Ne2+ 14.
Kh1 Nxc3 15. Bb2 Qf6 16. Rfe1 Qxf7 17. Ne5+ Ke7 18. Nxf7+ Kxf7 19. Bxc3 Bf5 20.
Bb4 Rhe8 21. Rad1 Rxe1+ 22. Rxe1 Be6 23. a3 a5 24. Bc3 b5 25. Rb1 Bc4 26. h3 c5
27. f4 Bd3 28. Rb2 a4 29. Kg1 Re8 30. Kf2 Re4 31. Kf3 Rc4 32. Bd2 Be4+ 33. Kg3
Bc6 34. Kf2 Rd4 35. Be3 Rc4 36. Bd2 Re4 37. Rc2 b4 38. Rxc5 b3 39. Rxc6 Rd4 40.
Bc1 Rd1 41. Ke2 Rg1 42. Kf2 Rh1 1/2-1/2

[Event "NAYCC U12 w"]
[Site "Kingston CAN"]
[Date "2019.08.17"]
[Round "3.110"]
[White "Xie, Amy"]
[Black "Liu, Lily"]
[Result "0-1"]
[WhiteElo "625"]
[BlackElo "919"]
[PlyCount "58"]
[EventDate "2019.08.16"]
[EventType "swiss"]
[EventRounds "9"]
[EventCountry "CAN"]

1. e4 e5 2. Nf3 Nc6 3. Bc4 Bc5 4. Ng5 Qxg5 5. Nc3 Qd8 6. d3 Nf6 7. Bg5 d6 8.
Qf3 Nd4 9. Qd1 h6 10. Bxf6 Qxf6 11. O-O Be6 12. Bd5 c6 13. Bxe6 Qxe6 14. a3 a6
15. b4 Ba7 16. Ne2 O-O 17. Ng3 f5 18. f4 exf4 19. Rxf4 Ne2+ 20. Kh1 Nxf4 21.
Qd2 fxe4 22. Nxe4 d5 23. Re1 Rae8 24. Rd1 dxe4 25. dxe4 Qxe4 26. Rf1 Be3 27.
Qf2 Bxf2 28. Rxf2 Qe1+ 29. Rf1 Qxf1# 0-1

[Event "NAYCC U12 w"]
[Site "Kingston CAN"]
[Date "2019.08.17"]
[Round "3.111"]
[White "Lee, Yesun"]
[Black "Elangovan, Ramya"]
[Result "1-0"]
[WhiteElo "1696"]
[BlackElo "1432"]
[PlyCount "95"]
[EventDate "2019.08.16"]
[EventType "swiss"]
[EventRounds "9"]
[EventCountry "CAN"]

1. d4 d5 2. Nf3 Nf6 3. Bf4 e6 4. e3 c5 5. Be2 b6 6. O-O Bd6 7. Ne5 O-O 8. Nd2
Ba6 9. Bxa6 Nxa6 10. c3 Qc7 11. Qa4 Nb8 12. Rac1 Rc8 13. Bg3 Nh5 14. f4 Nxg3
15. hxg3 f6 16. Nef3 Nc6 17. Rce1 e5 18. Qb3 c4 19. Qd1 b5 20. Kf2 Re8 21. Rh1
Re7 22. dxe5 fxe5 23. Nxc4 dxc4 24. Qd5+ Kh8 25. Ng5 g6 26. Rd1 exf4 27. gxf4
Bxf4 28. exf4 Rae8 29. Rde1 Qb6+ 30. Kg3 h5 31. Ne6 Rg8 32. Qg5 Rh7 33. Qf6+
Rhg7 34. Nxg7 Rxg7 35. Re6 Qc5 36. Rxc6 Qe3+ 37. Kh2 Kh7 38. Re6 Qf2 39. Re7
Rxe7 40. Qxe7+ Kh8 41. Qe5+ Kh7 42. Rd1 Qh4+ 43. Kg1 Qg4 44. Qe7+ Kh6 45. Qf8+
Kh7 46. Rd8 g5 47. Qf7+ Kh6 48. Rh8# 1-0

[Event "NAYCC U12 w"]
[Site "Kingston CAN"]
[Date "2019.08.17"]
[Round "4.98"]
[White "Hua, Michelle"]
[Black "Lee, Yesun"]
[Result "1/2-1/2"]
[WhiteElo "1666"]
[BlackElo "1696"]
[PlyCount "80"]
[EventDate "2019.08.16"]
[EventType "swiss"]
[EventRounds "9"]
[EventCountry "CAN"]

1. c4 c5 2. g3 Nc6 3. Bg2 e5 4. Nc3 Nf6 5. d3 Be7 6. Nf3 d6 7. O-O Be6 8. b3
O-O 9. Bb2 Nd7 10. Nd2 f5 11. e3 Rc8 12. Nd5 Nf6 13. a3 Bf7 14. Qe2 Qd7 15.
Rfe1 Rfe8 16. Qd1 Bd8 17. Nb1 Nxd5 18. cxd5 Ne7 19. e4 Ba5 20. Bc3 Bxc3 21.
Nxc3 b5 22. Bf1 b4 23. Nb1 Rc7 24. Nd2 Rb8 25. Nc4 fxe4 26. dxe4 Ng6 27. Qc2
Be8 28. a4 Qe7 29. Bh3 Bd7 30. Bxd7 Rxd7 31. f3 Qf6 32. Qg2 Rf8 33. Re3 Rdf7
34. Rd1 Qe7 35. Rdd3 Qd7 36. Qc2 Rf6 37. Na5 Qc7 38. Nc4 Qd7 39. Qa2 Qh3 40.
Qg2 Qd7 1/2-1/2

[Event "NAYCC U12 w"]
[Site "Kingston CAN"]
[Date "2019.08.17"]
[Round "4.99"]
[White "Wang, Rachel"]
[Black "Ruchinskaya, Valerie"]
[Result "1/2-1/2"]
[WhiteElo "1344"]
[BlackElo "1412"]
[PlyCount "130"]
[EventDate "2019.08.16"]
[EventType "swiss"]
[EventRounds "9"]
[EventCountry "CAN"]

1. d4 d5 2. c4 c6 3. Nf3 Nf6 4. Nc3 dxc4 5. e3 b5 6. a4 b4 7. Na2 a5 8. Bxc4
Bf5 9. Bd2 e6 10. Nc1 Be7 11. Ne2 O-O 12. Ng3 Bg6 13. O-O Nbd7 14. Rc1 Qb6 15.
Re1 c5 16. Bb5 Rfd8 17. dxc5 Nxc5 18. Nd4 Nfe4 19. Nxe4 Nxe4 20. Qe2 Nxd2 21.
Nc6 Bf6 22. Nxd8 Rxd8 23. Rc6 Qb7 24. Rd1 Qd7 25. Rcc1 Qd6 26. f3 h6 27. b3 Bb2
28. Rxd2 Qxd2 29. Rc8 Qd6 30. Rxd8+ Qxd8 31. Qxb2 Qc7 32. Bc4 Qc5 33. Qd4 Qxd4
34. exd4 Kf8 35. f4 Ke7 36. d5 Bf5 37. Kf2 Kd6 38. dxe6 fxe6 39. Ke3 e5 40.
fxe5+ Kxe5 41. g3 g5 42. h4 Be4 43. hxg5 hxg5 44. Bf7 Bc6 45. Bc4 Bd7 46. Bf7
Bg4 47. Bc4 Bh3 48. Bf7 Bf1 49. Bg8 Kf5 50. Bd5 Ke5 51. Bg8 Bg2 52. Kf2 Bh1 53.
Ke3 Kf5 54. Kd4 Kg4 55. Be6+ Kxg3 56. Kc5 Kf4 57. Kb5 Be4 58. Kxa5 g4 59. Bxg4
Kxg4 60. Kxb4 Kf5 61. Kb5 Ke6 62. a5 Kd7 63. a6 Kc7 64. b4 Ba8 65. Kc5 Bc6
1/2-1/2

[Event "NAYCC U12 w"]
[Site "Kingston CAN"]
[Date "2019.08.17"]
[Round "4.100"]
[White "Elangovan, Ramya"]
[Black "Rajaram, Anika"]
[Result "0-1"]
[WhiteElo "1432"]
[BlackElo "1560"]
[PlyCount "130"]
[EventDate "2019.08.16"]
[EventType "swiss"]
[EventRounds "9"]
[EventCountry "CAN"]

1. d4 Nf6 2. Nf3 e6 3. g3 b5 4. Bg2 Bb7 5. c3 c5 6. Bg5 Be7 7. O-O Na6 8. Re1
O-O 9. Nbd2 cxd4 10. cxd4 Rc8 11. e4 Nb4 12. Re2 h6 13. Bxf6 Bxf6 14. Nb3 Be7
15. a3 Na6 16. Re1 d6 17. Qe2 Qb6 18. Bf1 Nc7 19. Qd3 a6 20. Qe3 Ne8 21. a4
bxa4 22. Rxa4 Nf6 23. Nfd2 Rfe8 24. Rea1 Ra8 25. Bd3 Rec8 26. Qe2 Qc7 27. R4a2
Nd7 28. Bxa6 Bxa6 29. Rxa6 Rxa6 30. Qxa6 Qd8 31. Nc4 Qc7 32. Nca5 Re8 33. Rc1
Qb6 34. Rc6 Qxa6 35. Rxa6 Nf6 36. e5 dxe5 37. dxe5 Nd5 38. Nc6 Bf8 39. Ra7 Rc8
40. Nba5 Nb4 41. Ne7+ Bxe7 42. Rxe7 Rc1+ 43. Kg2 Nd3 44. Rb7 Rc2 45. Rb8+ Kh7
46. b4 Rxf2+ 47. Kg1 Rb2 48. b5 Nxe5 49. h4 Kg6 50. Rb7 Kf5 51. Nc6 Nf3+ 52.
Kf1 Ke4 53. Rxf7 Ke3 54. Rxf3+ Kxf3 55. Ke1 Kxg3 56. Nd4 Kxh4 57. Nxe6 Rxb5 58.
Nxg7 Re5+ 59. Kf2 Kg5 60. Kg3 Kg6 61. Kh4 Kxg7 62. Kg4 h5+ 63. Kh4 Re4+ 64.
Kxh5 Kf6 65. Kh6 Rh4# 0-1

[Event "NAYCC U12 w"]
[Site "Kingston CAN"]
[Date "2019.08.17"]
[Round "4.101"]
[White "Wang, Lilian"]
[Black "Vidyarthi, Omya"]
[Result "1-0"]
[WhiteElo "1767"]
[BlackElo "1905"]
[PlyCount "147"]
[EventDate "2019.08.16"]
[EventType "swiss"]
[EventRounds "9"]
[EventCountry "CAN"]

1. e4 e5 2. Nf3 Nc6 3. d4 exd4 4. Nxd4 Nf6 5. Nc3 Bb4 6. Nxc6 bxc6 7. Bd3 d5 8.
exd5 cxd5 9. O-O O-O 10. Bg5 c6 11. a3 Be7 12. Re1 Rb8 13. Rb1 Be6 14. Qd2 d4
15. Ne2 c5 16. b3 Re8 17. Nf4 Bc8 18. Bc4 Bb7 19. f3 a6 20. Rbd1 h6 21. Bxf6
Bxf6 22. Rxe8+ Qxe8 23. Re1 Qd7 24. Nd3 Qc7 25. Nf2 Be5 26. h3 Bg3 27. Re2 Kh8
28. Qd3 a5 29. Qf5 Qf4 30. Qxf4 Bxf4 31. Bxf7 Be3 32. Bc4 Bc6 33. Kf1 a4 34.
Nd3 axb3 35. cxb3 Ra8 36. Nxc5 Rxa3 37. b4 Ra8 38. b5 Be8 39. Rb2 Rb8 40. Bd3
Bc1 41. Rb1 Ba3 42. Ne6 Bd7 43. Nxd4 Rd8 44. b6 Bc8 45. b7 Bxb7 46. Rxb7 g5 47.
Rb3 Rxd4 48. Rxa3 Rd6 49. Ra8+ Kg7 50. Ra7+ Kf6 51. Ra6 Rxa6 52. Bxa6 Kf5 53.
Kf2 h5 54. g3 Ke5 55. Ke3 Kf5 56. g4+ hxg4 57. hxg4+ Ke5 58. Bc4 Kf6 59. f4 Kg6
60. fxg5 Kxg5 61. Kf3 Kg6 62. Kf4 Kf6 63. g5+ Kg6 64. Bd3+ Kg7 65. Kf5 Kf7 66.
g6+ Kg7 67. Kg5 Kg8 68. Kf6 Kf8 69. g7+ Kg8 70. Bc4+ Kh7 71. Kf7 Kh6 72. g8=Q
Kh5 73. Be2+ Kh4 74. Qg4# 1-0